MARC

LEADER 00000nam0a2200000 4500
001 327823
005 20231102004010.0
035 |a (RuTPU)RU\TPU\book\353510 
035 |a RU\TPU\book\353235 
090 |a 327823 
100 |a 20170206d1979 k y0rusy50 ca 
101 0 |a rus 
102 |a RU 
105 |a a z 001zy 
200 1 |a Глушители шума энергетических установок  |e [сборник статей]  |f Московское высшее техническое училище им. Н. Э. Баумана ; под ред. С. В. Белова 
210 |a Москва  |c Изд-во МВТУ  |d 1979 
215 |a 128 с.  |c ил. 
225 1 |a Труды Московского высшего технического училища (МВТУ)  |v № 308 
320 |a Библиография в конце статей 
606 1 |a Энергетические установки  |x Борьба с шумом  |2 stltpush  |3 (RuTPU)RU\TPU\subj\21292  |9 46311 
610 1 |a пневмовентиляторы 
610 1 |a местное проветривание 
610 1 |a мотоциклы 
610 1 |a двигатели 
610 1 |a механические прессы 
610 1 |a ротационные агрегаты 
610 1 |a ротационные компрессоры 
610 1 |a пористые металлы 
675 |a 620.9.002.5-7  |v 3 
702 1 |a Белов  |b С. В.  |4 340 
702 1 |a Терехин  |b А. С.  |4 340 
712 0 2 |a Московское высшее техническое училище им. Н. Э. Баумана  |2 stltpush  |3 (RuTPU)RU\TPU\col\3064 
801 1 |a RU  |b 63413507  |c 20061211  |g PSBO 
801 2 |a RU  |b 63413507  |c 20171019  |g PSBO 
942 |c BK